Paroles Kongolese sous BBL - Statistiques

Statistiques générales
  • Ce quiz a été pris 623 fois
  • Le résultat moyen est 213 sur 384
Statistiques - réponses
Hint Réponse % Correct
à
95%
a
95%
Couplet n°1 Baby
92%
baby
92%
BBL
91%
me
90%
sa
90%
Refrain | Refrain n°2 | Refrain n°3 | Refrain n°4 Kongolese
88%
la
85%
je
82%
aimerait
80%
déjà
80%
j'suis
80%
J'suis
80%
sous
80%
belle
78%
gros
78%
Maya
76%
si
76%
Si
76%
Et
75%
mal
75%
il
73%
l'abeille
73%
Même
73%
même
73%
mes
73%
Trop
73%
trop
73%
(boss lady) cou
71%
seins
71%
au
70%
font
70%
lève
70%
les
69%
souvent
68%
mon
66%
pollen
64%
j'me
63%
c'est
62%
fiak
61%
ne
61%
Manque
60%
plus
60%
veille
60%
cali
59%
qu'une
59%
vu
59%
cause
58%
éloigne
58%
Pauline
58%
j'l'ai
56%
pas
56%
pétée
56%
tu
56%
d'mon
55%
p'tite
55%
deux
54%
bouts
53%
J'ai
53%
sais
53%
est
52%
parfois
52%
beaucoup
51%
d'jà
51%
cul
50%
joins
50%
g'noux
49%
oui
46%
boo
44%
vaux
43%
sexy
41%
Sexy
41%
(boss lady) | Pré refrain Ouh
39%
Donc
38%
ont
37%
qui
37%
volé
37%
ton
36%
y
36%
des
34%
Des
34%
crocs
33%
poli
32%
d'une
29%
raclis
29%
police
27%
dix
26%
Ils
26%
Mwasi
26%
raclos
26%
sukali
26%
une
26%
j'aime
25%
moins
25%
pris
25%
vieux
25%
encore
24%
son
24%
elle
22%
leurs
22%
quitter
22%
ghetto
21%
m'ont
20%
barre
19%
chou
19%
bague
18%
daddies
18%
prêtes
18%
appelle-moi
16%
choisis
16%
diamant
16%
jamais
16%
polie
16%
ramollie
16%
bien
15%
n'est
14%
puis
13%
telle
12%
J'les
11%
tue
11%
sans
10%
vraie
10%
africky
8%
suite
7%
raclure
6%
Aucun quiz correspondant
Distribution des résultats
% des personnes avec chaque résultat
Percentile par nombre de réponses
Votre historique - résultats
Vous n’avez pas pris ce quiz